IIIT Kottayam Logo
Indian Institute of Information Technology Kottayam
भारतीय सूचना प्रौद्योगिकी संस्थान कोट्टायम
Library Catalogue

Quantum Machine Learning (Record no. 2834)

MARC details
000 -LEADER
fixed length control field 00410nam a22001337a 4500
020 ## - INTERNATIONAL STANDARD BOOK NUMBER
ISBN 9781484277348
082 ## - DEWEY DECIMAL CLASSIFICATION NUMBER
Classification number 006.31Q
Item number GAN/Q
100 ## - MAIN ENTRY--AUTHOR NAME
Personal name Ganguly Santanu
245 ## - TITLE STATEMENT
Title Quantum Machine Learning
Sub Title : an applied approach : the theory and application of quantum machine learning in science and industry
260 ## - PUBLICATION, DISTRIBUTION, ETC. (IMPRINT)
Place of publication London
Name of publisher Apress
Year of publication 2025
300 ## - PHYSICAL DESCRIPTION
Number of Pages 378p.
650 ## - SUBJECT ADDED ENTRY--TOPICAL TERM
Topical Term Quantum Machine Learning
942 ## - ADDED ENTRY ELEMENTS (KOHA)
Koha item type Books
Holdings
Withdrawn status Lost status Damaged status Not for loan Permanent Location Current Location Shelving location Date acquired Source of acquisition Cost, normal purchase price Full call number Accession Number Price effective from Koha item type Copy number
      Not For Loan IIIT Kottayam Central Library IIIT Kottayam Central Library Reference 29/04/2026 Feel Books, D/CRB25-26/2008 dtd 31/03/2026 2499.00 006.31Q GAN/Q 3284 29/04/2026 Reference  
        IIIT Kottayam Central Library IIIT Kottayam Central Library General Stacks 29/04/2026 Feel Books, D/CRB25-26/2008 dtd 31/03/2026 2499.00 006.31Q GAN/Q 3285 29/04/2026 Books 1
        IIIT Kottayam Central Library IIIT Kottayam Central Library General Stacks 29/04/2026 Feel Books, D/CRB25-26/2008 dtd 31/03/2026 2499.00 006.31Q GAN/Q 3286 29/04/2026 Books 2

IIIT Kottayam Central Library,Valavoor.P.O, Kottayam-686635,Kerala | Phone: 0482-2202104, Mobile: 9961452785| library@iiitkottayam.ac.in

Visit counter For Websites

Visitor Count: 0